| 000 | 00743cab a2200229 4500 | ||
|---|---|---|---|
| 001 | X2828 | ||
| 008 | 090401t1995 xxu||||| |||| 00| 0 eng d | ||
| 035 | _a(Sirsi) u26649 | ||
| 041 | _aeng | ||
| 245 | _aFinal amendments to red book | ||
| 260 | _c1995 | ||
| 350 | _a0 | ||
| 490 |
_aCSM (Chartered Surveyor Monthly) _v5(1) September 1995, 22(1) |
||
| 520 | _aAnnounces final amendments to SAVP red book which will apply until 31 December 1995. | ||
| 650 | _aAMENDMENTS | ||
| 650 | _aRICS APPRAISAL AND VALUATION MANUAL | ||
| 650 | _aSTATEMENTS OF ASSET VALUATION PRACTICE AND GUIDANCE NOTES | ||
| 690 | _aMANAGEMENT-BUSINESS MANAGEMENT-PROFESSIONAL PRACTICE | ||
| 690 | _aRATING AND VALUATION | ||
| 942 | _n0 | ||
| 948 | _c04/03/1997 | ||
| 999 |
_c17929 _d17929 |
||